000 01488nam1a2200325 i 4500
001 RU\NLR\bibl\1951522
005 20260407125021.0
035 _a(NLR Aleph) 001940656
090 _a3560830
_c3560830
100 _a20121004d20129999u y0rusy50 ca
101 0 _arus
102 _aRU
105 _a||||z |||||
200 1 _aОрганизация работы с одаренными учащимися (опыт Ленинградской области)
_eнаучно-методическое пособие
_fРос. акад. естеств. наук
_g[редкол.: Матина Г.О. (отв. ред.), к. психол. н., доц. и др.]
210 _aСанкт-Петербург
_cИзд-во Политехнического университета
_d2012
215 _d20
463 0 _10011932970
463 0 _10011932873
606 1 _aОдаренные дети
_jМетодические пособия
_xВоспитание и обучение
_yЛенинградская область
_92123138
_3RU\NLR\auth\661585555
686 _aЧ421.2я8
686 _aЧ421.3я8
686 _aЧ491.7я8
686 _aЮ983.724я7
702 1 _aМатина
_bГ. О.
_gГалина Олеговна
_4340
712 0 2 _4570
_aРоссийская академия естественных наук
_3RU\NLR\AUTH\889968404
_9433185
801 0 _aRU
_bNLR
_c20121004
_gRCR
801 1 _aRU
_bNLR
_c20121004
852 _aNLR
_j2012-3/23856
942 _cBOOK